000 01010nam a2200229 4500
005 20240530110954.0
008 221221s2022 ua g b 000 0 ara d
017 _a09506
_bمصر. دار الكتب
020 _a9789777333986
040 _aEG-CaGPL
_cEG-CaGPL
082 0 4 _221
_a953.078
_bإ م
100 0 _aابراهيم محمد على محمد مرجونة
245 1 2 _aالمغول فى العالم الاسلامى :
_bدراسة سياسية حضارية : 735 - 656 هـ / 1335 - 1258 م /
_cتاليف ابراهيم محمد على محمد مرجونة
260 _aالاسكندرية :
_bدار التعليم الجامعى،
_c2022.
300 _a414 ص. ؛
_c24 سم.
504 _aيشتمل على ارجاعات ببليوجرافية
650 0 7 _2qrmak
_aالمغول والتتار
650 0 7 _2qrmak
_aالعالم الاسلامى
_xتاريخ
653 0 _aالمغول - العالم الاسلامى
942 _2ddc
_cBK
999 _c67058
_d67058